Shivarama Karantara sahitya shreni: samputa 23 nataka 1 (Record no. 115932)
[ view plain ]
| 000 -LEADER | |
|---|---|
| fixed length control field | 00709nam a2200205Ia 4500 |
| 003 - CONTROL NUMBER IDENTIFIER | |
| control field | OSt |
| 005 - DATE AND TIME OF LATEST TRANSACTION | |
| control field | 20240322092822.0 |
| 008 - FIXED-LENGTH DATA ELEMENTS--GENERAL INFORMATION | |
| fixed length control field | 210210b2005 xxu||||| |||| 00| 0 eng d |
| 040 ## - CATALOGING SOURCE | |
| Transcribing agency | AL |
| 041 ## - LANGUAGE CODE | |
| Language code of text/sound track or separate title | Kannada |
| 082 ## - DEWEY DECIMAL CLASSIFICATION NUMBER | |
| Classification number | K894.8 MALS |
| 100 ## - MAIN ENTRY--PERSONAL NAME | |
| Personal name | MALINI MALYA (B) Ed |
| 9 (RLIN) | 94197 |
| Dates associated with a name | ಮಾಲಿನಿ ಮಲ್ಯ (ಬಿ) |
| 245 ## - TITLE STATEMENT | |
| Title | Shivarama Karantara sahitya shreni: samputa 23 nataka 1 |
| Remainder of title | ಶಿವರಾಮ ಕಾರಂತ ಸಾಹಿತ್ಯ ಶ್ರೇಣಿ : ಸಂಪುಟ ೨೩, ನಾಟಕ ೧ |
| 260 ## - PUBLICATION, DISTRIBUTION, ETC. | |
| Place of publication, distribution, etc. | Bengaluru |
| Name of publisher, distributor, etc. | Kannad mattu samskrati nirdeshanalaya |
| Date of publication, distribution, etc. | 2005 |
| 300 ## - PHYSICAL DESCRIPTION | |
| Extent | 525 |
| 440 ## - SERIES STATEMENT/ADDED ENTRY--TITLE | |
| Title | 23 |
| 9 (RLIN) | 94198 |
| 690 ## - LOCAL SUBJECT ADDED ENTRY--TOPICAL TERM (OCLC, RLIN) | |
| Topical term or geographic name as entry element | Kannada Collections |
| 9 (RLIN) | 94199 |
| 906 ## - LOCAL DATA ELEMENT F, LDF (RLIN) | |
| a | 061837 |
| 942 ## - ADDED ENTRY ELEMENTS (KOHA) | |
| Source of classification or shelving scheme | Dewey Decimal Classification |
| Koha item type | Book |
| Withdrawn status | Lost status | Source of classification or shelving scheme | Damaged status | Not for loan | Collection code | Home library | Current library | Date acquired | Source of acquisition | Cost, normal purchase price | Total Checkouts | Full call number | Barcode | Date last seen | Date last checked out | Price effective from | Koha item type |
|---|---|---|---|---|---|---|---|---|---|---|---|---|---|---|---|---|---|
| Dewey Decimal Classification | Kannada | St Aloysius Library | St Aloysius Library | 02/17/2021 | Navakarnataka Publication Pvt Ltd., Mangalore. | 50.00 | 1 | K894.8 MALS | 061837 | 09/18/2023 | 09/09/2023 | 02/17/2021 | Book |